000 00730nam a2200205 i 4500
001 57812
003 ES-MaACL
005 20251019063042.0
007 t|
008 031017s1962 sp ||||1| spa d
100 1 _aDostoievski, Fiódor,
_d1821-1881
_9242371
245 1 0 _aCrimen y castigo /
_ctexto Fedor M. Dostoyewski ; traductor J.Z. Barragan.
260 _a[Barcelona :
_bMaucci,
_c1962]
300 _a742 p. :
_b1 retr. aut. ;
_c19 cm.
490 1 _aClásicos Maucci. Grupo literatura romántica y postromántica
700 1 _aBarragán, J. Z.
_925824
830 0 _aClásicos Maucci. Grupo literatura romántica y postromántica
_9184594
852 _aES-MaACL
_jC-22106
_bR.50477
999 _c57812
_d57812